|
|
|
|
| LEADER |
01347nam a2200337I 4500 |
| 001 |
9781134797288 |
| 003 |
FlBoTFG |
| 005 |
20100903141255.0 |
| 006 |
a|||||s||||||||||| |
| 007 |
cr|||| |
| 008 |
100820s1995 enkae sb 001 0 eng d |
| 020 |
|
|
|a 9780203645307 (e-book : PDF)
|
| 040 |
|
|
|a FlBoTFG
|c FlBoTFG
|d GrThAP
|
| 090 |
|
|
|a CC173
|b .H63 1995
|
| 092 |
|
|
|a 930.1
|b H687
|
| 100 |
1 |
|
|a Hodder, Ian.
|
| 245 |
1 |
0 |
|a Theory and practice in archaeology
|h [electronic resource] /
|c Ian Hodder.
|
| 260 |
|
|
|a London ;
|a New York :
|b Routledge,
|c 1995.
|
| 300 |
|
|
|a 249 p. :
|b ill., plans ;
|c [ca. 23-29] cm.
|
| 490 |
1 |
|
|a Material cultures
|
| 500 |
|
|
|a "First published in 1992 by Routledge."
|
| 504 |
|
|
|a Includes bibliographical references and index.
|
| 505 |
0 |
|
|a pt. I. Symbolic and structural archaeology -- pt. II. Some implications of the new ideas -- pt. III. Debate and re-evaluation -- pt. IV. Practising archaeology.
|
| 530 |
|
|
|a Also available in print edition.
|
| 533 |
|
|
|a Electronic reproduction.
|b [London, Eng. :
|b Taylor and Francis,
|d 2010].
|n PDF file created from digital scan of print book.
|
| 650 |
|
0 |
|a Archaeology.
|
| 655 |
|
7 |
|a Electronic books.
|2 lcsh
|
| 776 |
1 |
|
|z 9780415127776
|
| 776 |
1 |
|
|z 0415127777
|
| 830 |
|
0 |
|a Material cultures.
|
| 856 |
4 |
0 |
|u http://www.tandfebooks.com/isbn/9780203645307
|z Full Text via HEAL-Link
|